000
00272nam a22001217a 4500
008
170320b xxu||||| |||| 00| 0 eng d
041
_a
eng
080
_2
5TH
_a
616.8
100
_a
7
101
_a
SHM
245
_a
TEXTBOOK OF CHILD NEUROLOGY
_c
MENKES, J.H
942
_2
udc
_c
BK
999
_c
8104
_d
8104